000 00972nam a2200253Ia 4500
001 18121
003 GE_BSU
008 181216s||||||||xx |||||||||||||| ||und||
020 _aISSN 1512-09-531512-2085
040 _cGE_BSU
080 _a94+930(439.22)(058)
245 _aსაისტორიო ძიებანი XII. წელიწდეული
245 _cმთ.რედ. ზ. პაპასქირი
250 _aსოხუმის სახ. უნ-ტი
260 _aთბილისი
260 _bსოხუმის სახ. უნ-ტი
260 _c2013
300 _a425გვ.25სმ.
520 _aპარალ. სათ. ინგლ.ენ.:, ტექსტ. რუს ენ.
653 _aისტორია, არქეოლოგია, ეთნოლოგია
653 _aსაისტორიო ძიებანი XII
653 _aწელიწდეული
942 _cBK
999 _c51162
_d51162